| 000 | 00675nam a2200193Ia 4500 | ||
|---|---|---|---|
| 003 | GCL | ||
| 008 | 140319s9999 xx 000 0 ara d | ||
| 040 |
_aGCL / _cGCL |
||
| 082 | 0 | 4 |
_a109 _bم ت |
| 100 | 1 | _aمحمد على ابوريان | |
| 245 | 1 | 0 |
_aتاريخ الفكر الفلسفى ج 5 , فى الفلسفة الحديثة, ج 1 الفسفة اليونانية, طاليس الى افلاطون / _cمحمد على ابوريان |
| 260 |
_a[S.N] : _bدار المعرفة الجامعية ، _c1993 |
||
| 300 | _a367 ص | ||
| 490 | _a | ||
| 650 | 0 | 4 | _aتاريخ |
| 650 | 0 | 4 | _aالفلسفة |
| 650 | 0 | 4 | _aالفلسفة اليونانية |
| 942 |
_2ddc _cBK |
||
| 999 |
_c44623 _d44623 |
||